Tottenham Hotspur Squad 24/25 - Statistics

General Stats
  • This quiz has been taken 43 times
  • The average score is 22 of 25
Answer Stats
Position Players % Correct
🇰🇷LW Son
100%
🇲🇱CDM Bissouma
98%
🏴󠁧󠁢󠁥󠁮󠁧󠁿CAM Maddison
98%
🇪🇸RB Porro
98%
🇳🇱CB Van De Ven
98%
🇮🇹GK Vicario
98%
🇺🇾CDM Bentancur
95%
🇸🇪RW Kulusevski
95%
🇧🇷ST Richarlison
95%
🇦🇷CB Romero
95%
🇸🇳CM Sarr
95%
🏴󠁧󠁢󠁥󠁮󠁧󠁿ST Solanke
95%
🇮🇹LB Udogie
95%
🏴󠁧󠁢󠁷󠁬󠁳󠁿CB Davies
93%
🏴󠁧󠁢󠁷󠁬󠁳󠁿RW Johnson
93%
🇩🇪LW Werner
90%
🇷🇴CB Dragusin
88%
🇸🇪CM Bergvall
85%
🏴󠁧󠁢󠁥󠁮󠁧󠁿GK Forster
80%
🏴󠁧󠁢󠁥󠁮󠁧󠁿RWB Spence
80%
🏴󠁧󠁢󠁥󠁮󠁧󠁿CM Gray
78%
🇫🇷RW Odobert
78%
🇪🇸LB Reguilon
75%
🏴󠁧󠁢󠁥󠁮󠁧󠁿GK Whiteman
73%
🏴󠁧󠁢󠁥󠁮󠁧󠁿GK Austin
70%
No matching quizzes found
Score Distribution
Percent of People with Each Score
Percentile by Number Answered
Your Score History
You have not taken this quiz